[Event "Regionalliga Nord-West 1819"]
[Site "Bayern"]
[Date "2018.12.16"]
[Round "4.6"]
[White "Herbst, Christoph"]
[Black "Lautenschlager, Gert"]
[Result "1-0"]
[WhiteElo "2015"]
[BlackElo "1838"]
[PlyCount "83"]
[EventDate "2018.10.21"]
[EventType "team-tourn"]
[EventRounds "9"]
[EventCountry "GER"]
[SourceTitle "EXT 2022"]
[Source "ChessBase"]
[SourceDate "2021.10.06"]
[SourceVersion "1"]
[SourceVersionDate "2021.10.06"]
[SourceQuality "1"]
[WhiteTeam "Bad Neustadt"]
[BlackTeam "Wuerzburg II"]
[WhiteTeamCountry "GER"]
[BlackTeamCountry "GER"]

1. e4 c5 2. c3 d5 3. exd5 Qxd5 4. d4 Bf5 5. Nf3 e6 6. Be3 cxd4 7. Nxd4 a6 8. Nxf5 Qxf5 9. Qb3 Qd5 10. Qxd5 exd5 11. Nd2 Nc6 12. Nb3 Nge7 13. 0-0-0 0-0-0 14. Bb6 Rd6 15. g3 g6 16. Bg2 Bg7 17. Rd2 h5 18. Rhd1 h4 19. Bxd5 Nxd5 20. Rxd5 Rxd5 21. Rxd5 hxg3 22. hxg3 Bf8 23. a4 Be7 24. Nd4 Nb8 25. Nf3 Nd7 26. Bd4 Rh1+ 27. Kc2 Ra1 28. Kb3 Rf1 29. Nd2 Rh1 30. a5 Kc7 31. Kc4 Rh2 32. b4 Bf6 33. Rxd7+ Kxd7 34. Bxf6 Rxf2 35. Ne4 Rf5 36. Kd4 Ke6 37. Bg7 Rd5+ 38. Kc4 Rf5 39. Nc5+ Ke7 40. Nxb7 f6 41. Nc5 Rg5 42. Bxf6+ 1-0

[Event "Regionalliga NW 1617"]
[Site "Bayern"]
[Date "2017.02.19"]
[Round "6.2"]
[White "Gruenewald, Florian"]
[Black "Herbst, Christoph"]
[Result "1-0"]
[WhiteElo "2041"]
[BlackElo "2025"]
[PlyCount "45"]
[EventDate "2016.10.16"]
[EventType "team-tourn"]
[EventRounds "9"]
[EventCountry "GER"]
[SourceTitle "EXT 2019"]
[Source "ChessBase"]
[SourceDate "2018.10.10"]
[SourceVersion "1"]
[SourceVersionDate "2018.10.10"]
[SourceQuality "1"]
[WhiteTeam "Moembris"]
[BlackTeam "Bad Neustadt"]
[WhiteTeamCountry "GER"]
[BlackTeamCountry "GER"]

1. e4 e5 2. Nf3 Nc6 3. Bc4 Bc5 4. c3 Nf6 5. d3 d6 6. 0-0 0-0 7. Bb3 Be6 8. Bc2 d5 9. d4 dxe4 10. Nxe5 Nxe5 11. dxc5 Nd3 12. Bxd3 Qxd3 13. Bg5 Nd7 14. Na3 f6 15. Be3 a6 16. Qa4 f5 17. Rad1 Qe2 18. Rxd7 Bxd7 19. Qxd7 Rad8 20. Qe6+ Kh8 21. Bd4 Qxb2 22. Qe7 Rg8 23. Bxg7+ 1-0

[Event "Regionalliga NW 1415"]
[Site "Bayern"]
[Date "2014.12.07"]
[Round "4.3"]
[White "Becker, Alexander1"]
[Black "Herbst, Christoph"]
[Result "1/2-1/2"]
[WhiteElo "1944"]
[BlackElo "2025"]
[PlyCount "26"]
[EventDate "2014.10.19"]
[EventType "team-tourn"]
[EventRounds "9"]
[EventCountry "GER"]
[SourceTitle "EXT 2018"]
[Source "ChessBase"]
[SourceDate "2017.10.13"]
[SourceVersion "1"]
[SourceVersionDate "2017.10.13"]
[SourceQuality "1"]
[WhiteTeam "Kronach"]
[BlackTeam "Bad Neustadt"]
[WhiteTeamCountry "GER"]
[BlackTeamCountry "GER"]

1. d4 d5 2. c4 e6 3. Nf3 c6 4. e3 Bd6 5. Bd3 f5 6. 0-0 Nf6 7. b3 Qe7 8. Bb2 0-0 9. Qc1 b6 10. Ba3 c5 11. Nc3 Nbd7 12. cxd5 Nxd5 13. Nxd5 exd5 1/2-1/2

[Event "Regionalliga NW 1213"]
[Site "Bayern"]
[Date "2013.02.03"]
[Round "6.3"]
[White "Strobel, Walter"]
[Black "Herbst, Christoph"]
[Result "1/2-1/2"]
[WhiteElo "2057"]
[BlackElo "2061"]
[PlyCount "53"]
[EventDate "2012.10.14"]
[EventType "team-tourn"]
[EventRounds "9"]
[EventCountry "GER"]
[SourceTitle "EXT 2015"]
[Source "ChessBase"]
[SourceDate "2014.11.20"]
[SourceVersion "1"]
[SourceVersionDate "2014.11.20"]
[SourceQuality "1"]
[WhiteTeam "Klingenberg/Main"]
[BlackTeam "Bad Neustadt"]
[WhiteTeamCountry "GER"]
[BlackTeamCountry "GER"]

1. e4 c5 2. Nf3 d6 3. d4 cxd4 4. Nxd4 Nf6 5. Nc3 a6 6. Be3 b5 7. f3 e5 8. Nb3 Be6 9. Qd2 Be7 10. 0-0-0 Nbd7 11. g4 Nb6 12. g5 Nh5 13. Nd5 Bxd5 14. exd5 Rc8 15. Kb1 Nc4 16. Bxc4 bxc4 17. Nc1 c3 18. bxc3 0-0 19. Ne2 f5 20. h4 Rc4 21. Ka1 Ra4 22. Rb1 Rxa2+ 23. Kxa2 Qa5+ 24. Kb3 Qb5+ 25. Ka3 Qa5+ 26. Kb3 Qb5+ 27. Ka3 1/2-1/2

[Event "Regionalliga NW 1112"]
[Site "Bayern"]
[Date "2012.04.15"]
[Round "9.3"]
[White "Pfadenhauer, Johannes"]
[Black "Herbst, Christoph"]
[Result "1/2-1/2"]
[WhiteElo "1991"]
[BlackElo "2061"]
[PlyCount "84"]
[EventDate "2011.10.02"]
[EventType "team-tourn"]
[EventRounds "9"]
[EventCountry "GER"]
[SourceTitle "EXT 2015"]
[Source "ChessBase"]
[SourceDate "2014.11.20"]
[SourceVersion "1"]
[SourceVersionDate "2014.11.20"]
[SourceQuality "1"]
[WhiteTeam "Kronach"]
[BlackTeam "Bad Neustadt"]
[WhiteTeamCountry "GER"]
[BlackTeamCountry "GER"]

1. d4 Nf6 2. Bg5 Ne4 3. Bf4 d5 4. f3 Nf6 5. Nc3 c5 6. e3 a6 7. a4 cxd4 8. exd4 Nc6 9. Nge2 e6 10. g3 Bd6 11. Be3 0-0 12. Bg2 Bd7 13. 0-0 Rc8 14. Re1 Qb6 15. Bf2 Bb4 16. Nf4 Na5 17. Qd3 Bxc3 18. bxc3 Rc4 19. g4 Rfc8 20. Nh5 Nxh5 21. gxh5 Rxc3 22. Qd2 Rxc2 23. Qg5 h6 24. Qg4 Qb2 25. Rab1 Qa2 26. Be3 Rxg2+ 27. Qxg2 Qxg2+ 28. Kxg2 Bxa4 29. Ra1 b5 30. Rac1 Rxc1 31. Rxc1 Nc4 32. Bf2 a5 33. Kf1 b4 34. Be1 Kf8 35. Ra1 Bc2 36. Rxa5 Nxa5 37. Bxb4+ Kg8 38. Bxa5 f6 39. Kf2 Kf7 40. Bc3 Ba4 41. Kg3 Bd1 42. Kf4 Ke7 1/2-1/2

[Event "Regionalliga NW 1112"]
[Site "Bayern"]
[Date "2012.01.15"]
[Round "5.3"]
[White "Herbst, Christoph"]
[Black "Chalus, Karel"]
[Result "0-1"]
[WhiteElo "2061"]
[BlackElo "2024"]
[PlyCount "78"]
[EventDate "2011.10.02"]
[EventType "team-tourn"]
[EventRounds "9"]
[EventCountry "GER"]
[SourceTitle "EXT 2013"]
[Source "ChessBase"]
[SourceDate "2012.11.22"]
[SourceVersion "1"]
[SourceVersionDate "2012.11.22"]
[SourceQuality "1"]
[WhiteTeam "Bad Neustadt"]
[BlackTeam "Kirchenlaibach"]
[WhiteTeamCountry "GER"]
[BlackTeamCountry "GER"]

1. e4 e5 2. Nf3 Nc6 3. Bc4 Bc5 4. 0-0 Nf6 5. d4 Bxd4 6. Nxd4 Nxd4 7. f4 d6 8. fxe5 dxe5 9. Bg5 Be6 10. Na3 Qe7 11. Bxf6 gxf6 12. c3 Bxc4 13. Nxc4 Ne6 14. b4 Nf4 15. Ne3 Qe6 16. Qa4+ Qc6 17. Qxc6+ bxc6 18. Ng4 Ke7 19. g3 Rhg8 20. Nh6 Rg6 21. Nf5+ Ke6 22. Kf2 Nd3+ 23. Ke2 Nb2 24. c4 a5 25. Rab1 Na4 26. Ke3 axb4 27. Rxb4 Nc5 28. a4 Rg4 29. Kf3 Rxe4 30. Ng7+ Kd7 31. Nh5 Ke7 32. g4 Rd8 33. Kg3 Rd3+ 34. Kh4 Re2 35. Nxf6 Ne6 36. h3 Ree3 37. Ng8+ Kf8 38. Rb8+ Kg7 39. Rh1 Nf4 0-1

[Event "Regionalliga NW 1112"]
[Site "Bayern"]
[Date "2011.11.20"]
[Round "3.3"]
[White "Herbst, Christoph"]
[Black "Kunz, Konstantin"]
[Result "1-0"]
[WhiteElo "2061"]
[BlackElo "2178"]
[PlyCount "65"]
[EventDate "2011.10.02"]
[EventType "team-tourn"]
[EventRounds "9"]
[EventCountry "GER"]
[SourceTitle "EXT 2013"]
[Source "ChessBase"]
[SourceDate "2012.11.22"]
[SourceVersion "1"]
[SourceVersionDate "2012.11.22"]
[SourceQuality "1"]
[WhiteTeam "Bad Neustadt"]
[BlackTeam "Kitzingen"]
[WhiteTeamCountry "GER"]
[BlackTeamCountry "GER"]

1. e4 c5 2. Nf3 e6 3. c3 d5 4. exd5 Qxd5 5. d4 Nc6 6. Bd3 cxd4 7. cxd4 Nf6 8. Nc3 Qd6 9. 0-0 Be7 10. a3 0-0 11. Be3 Rd8 12. Bc2 b6 13. Qd3 Bb7 14. Rad1 g6 15. Rfe1 Rac8 16. Bg5 Nd5 17. Ne4 Qc7 18. Bb3 Nf4 19. Qe3 Bxg5 20. Nfxg5 Ne7 21. g3 Ned5 22. Qf3 h6 23. gxf4 hxg5 24. fxg5 Nf4 25. d5 e5 26. Nf6+ Kf8 27. Qe3 Qc5 28. Qxe5 Nh3+ 29. Kg2 Nxf2 30. Nd7+ Kg8 31. Nxc5 Nxd1 32. Nd7 Rxd7 33. Rxd1 1-0

[Event "Regionalliga NW 1112"]
[Site "Bayern"]
[Date "2011.10.02"]
[Round "1.3"]
[White "Herbst, Christoph"]
[Black "Kirschneck, Toralf"]
[Result "1-0"]
[WhiteElo "2061"]
[BlackElo "2045"]
[PlyCount "47"]
[EventDate "2011.10.02"]
[EventType "team-tourn"]
[EventRounds "9"]
[EventCountry "GER"]
[SourceTitle "EXT 2013"]
[Source "ChessBase"]
[SourceDate "2012.11.22"]
[SourceVersion "1"]
[SourceVersionDate "2012.11.22"]
[SourceQuality "1"]
[WhiteTeam "Bad Neustadt"]
[BlackTeam "Marktleuthen"]
[WhiteTeamCountry "GER"]
[BlackTeamCountry "GER"]

1. e4 c5 2. c3 d6 3. d4 Nf6 4. Bd3 Nc6 5. Nf3 Bg4 6. d5 Bxf3 7. Qxf3 Ne5 8. Bb5+ Nfd7 9. Qd1 a6 10. Be2 Nf6 11. 0-0 Nxe4 12. Qa4+ b5 13. Qxe4 g6 14. a4 f5 15. Qc2 Rb8 16. axb5 axb5 17. f4 Nd7 18. Qxf5 Bg7 19. Qe6 b4 20. f5 Nf8 21. Qe4 Bf6 22. fxg6 hxg6 23. Rxf6 e5 24. Bg5 1-0

[Event "Regionalliga NW 1011"]
[Site "Bayern"]
[Date "2011.02.27"]
[Round "7.3"]
[White "Herbst, Christoph"]
[Black "Kannenberg, Karl Heinz"]
[Result "1/2-1/2"]
[WhiteElo "2038"]
[BlackElo "2138"]
[PlyCount "41"]
[EventDate "2010.10.10"]
[EventType "team-tourn"]
[EventRounds "9"]
[EventCountry "GER"]
[SourceTitle "EXT 2012"]
[Source "ChessBase"]
[SourceDate "2011.11.24"]
[SourceVersion "1"]
[SourceVersionDate "2011.11.24"]
[SourceQuality "1"]
[WhiteTeam "Bad Neustadt"]
[BlackTeam "Kitzingen"]
[WhiteTeamCountry "GER"]
[BlackTeamCountry "GER"]

1. e4 d5 2. exd5 Qxd5 3. Nf3 Nf6 4. d4 c6 5. Be2 Bf5 6. 0-0 e6 7. c4 Qd8 8. Nc3 Be7 9. Nh4 Bg6 10. Be3 Ne4 11. Nxg6 Nxc3 12. bxc3 hxg6 13. Rb1 Qc7 14. g3 Nd7 15. Bf3 0-0 16. Bf4 Qc8 17. h4 Nb6 18. Qe2 Re8 19. Rfe1 Qd7 20. c5 Nd5 21. Bd2 1/2-1/2

[Event "Regionalliga NW 1011"]
[Site "Bayern"]
[Date "2010.10.10"]
[Round "1.3"]
[White "Wilfert, Andre"]
[Black "Herbst, Christoph"]
[Result "1/2-1/2"]
[WhiteElo "2004"]
[BlackElo "2038"]
[PlyCount "30"]
[EventDate "2010.10.10"]
[EventType "team-tourn"]
[EventRounds "9"]
[EventCountry "GER"]
[SourceTitle "EXT 2012"]
[Source "ChessBase"]
[SourceDate "2011.11.24"]
[SourceVersion "1"]
[SourceVersionDate "2011.11.24"]
[SourceQuality "1"]
[WhiteTeam "Marktleuthen"]
[BlackTeam "Bad Neustadt"]
[WhiteTeamCountry "GER"]
[BlackTeamCountry "GER"]

1. e4 e5 2. d4 exd4 3. Nf3 Nc6 4. Bc4 Nf6 5. 0-0 Nxe4 6. Re1 d5 7. Bxd5 Qxd5 8. Nc3 Qh5 9. Nxe4 Be6 10. Nxd4 Qxd1 11. Rxd1 0-0-0 12. Be3 Nxd4 13. Rxd4 Rxd4 14. Bxd4 f6 15. Re1 Bf5 1/2-1/2

[Event "Regionalliga NW 9899"]
[Site "Bayern"]
[Date "1999.??.??"]
[Round "6.1"]
[White "Breithut, Kurt Georg"]
[Black "Herbst, Christoph"]
[Result "1/2-1/2"]
[WhiteElo "2095"]
[BlackElo "2120"]
[PlyCount "30"]
[EventDate "1998.??.??"]
[EventType "team-tourn"]
[EventRounds "9"]
[EventCountry "GER"]
[SourceTitle "EXT 2020"]
[Source "ChessBase"]
[SourceDate "2019.10.17"]
[SourceVersion "1"]
[SourceVersionDate "2019.10.17"]
[SourceQuality "1"]
[WhiteTeam "Coburg"]
[BlackTeam "Bad Neustadt"]
[WhiteTeamCountry "GER"]
[BlackTeamCountry "GER"]

1. e4 e5 2. Nf3 Nc6 3. Bb5 f5 4. d3 fxe4 5. dxe4 Nf6 6. Bg5 Bc5 7. 0-0 d6 8. h3 0-0 9. Nc3 Kh8 10. Nd5 Ne7 11. Nxe7 Qxe7 12. Nh4 Qf7 13. Qf3 Be6 14. Bd3 Qd7 15. Be3 Bb6 1/2-1/2

[Event "Regionalliga NW 9899"]
[Site "Bayern"]
[Date "1998.??.??"]
[Round "2.2"]
[White "Herbst, Christoph"]
[Black "Konik, Michael"]
[Result "1-0"]
[WhiteElo "2120"]
[BlackElo "1997"]
[PlyCount "47"]
[EventDate "1998.??.??"]
[EventType "team-tourn"]
[EventRounds "9"]
[EventCountry "GER"]
[SourceTitle "EXT 2020"]
[Source "ChessBase"]
[SourceDate "2019.10.17"]
[SourceVersion "1"]
[SourceVersionDate "2019.10.17"]
[SourceQuality "1"]
[WhiteTeam "Bad Neustadt"]
[BlackTeam "Mainaschaff"]
[WhiteTeamCountry "GER"]
[BlackTeamCountry "GER"]

1. e4 c5 2. d4 cxd4 3. c3 d5 4. exd5 Qxd5 5. cxd4 Nc6 6. Nf3 Nf6 7. Nc3 Qd6 8. Nb5 Qb8 9. d5 Ne5 10. Bf4 Nd3+ 11. Bxd3 Qxf4 12. Rc1 Nxd5 13. Bc4 a6 14. Qxd5 Qxc1+ 15. Ke2 Qf4 16. Nc7+ Qxc7 17. Qxf7+ Kd8 18. Rd1+ Qd6 19. Ng5 Kc7 20. Rxd6 Kxd6 21. Qd5+ Kc7 22. Nf7 Rg8 23. Qd8+ Kb8 24. Ne5 1-0

[Event "Regionalliga NW 9798"]
[Site "Bayern"]
[Date "1998.??.??"]
[Round "?.4"]
[White "Herbst, Christoph"]
[Black "Stauch, Frank"]
[Result "1/2-1/2"]
[WhiteElo "2130"]
[BlackElo "2075"]
[PlyCount "26"]
[EventDate "1997.10.??"]
[EventType "team-tourn"]
[EventRounds "9"]
[EventCountry "GER"]
[SourceTitle "EXT 2020"]
[Source "ChessBase"]
[SourceDate "2019.10.17"]
[SourceVersion "1"]
[SourceVersionDate "2019.10.17"]
[SourceQuality "1"]
[WhiteTeam "Bad Neustadt"]
[BlackTeam "Kronach"]
[WhiteTeamCountry "GER"]
[BlackTeamCountry "GER"]

1. d4 f5 2. Nc3 Nf6 3. e4 fxe4 4. f3 exf3 5. Nxf3 g6 6. Bg5 Bg7 7. Bc4 e6 8. h4 0-0 9. Qd2 Qe8 10. 0-0-0 c6 11. Bd3 d5 12. Rde1 Na6 13. Ne5 Nc7 1/2-1/2

[Event "Regionalliga NW 9697"]
[Site "Bayern"]
[Date "1997.??.??"]
[Round "?"]
[White "Bucka, Reinhard"]
[Black "Herbst, Christoph"]
[Result "1/2-1/2"]
[WhiteElo "2105"]
[BlackElo "2135"]
[PlyCount "89"]
[EventDate "1996.10.??"]
[EventType "team-tourn"]
[EventRounds "9"]
[EventCountry "GER"]
[SourceTitle "EXT 1999"]
[Source "ChessBase"]
[SourceDate "1998.11.16"]
[SourceVersion "1"]
[SourceVersionDate "1998.11.16"]
[SourceQuality "1"]
[WhiteTeam "Bamberg SC III"]
[BlackTeam "Bad Neustadt"]
[WhiteTeamCountry "GER"]
[BlackTeamCountry "GER"]

1. c4 f5 2. d4 Nf6 3. Nc3 e6 4. g3 d5 5. Nf3 c6 6. b3 Bd6 7. Bg2 0-0 8. 0-0 Bd7 9. a4 Qe7 10. Nb1 Ne4 11. e3 Be8 12. Ne5 Nd7 13. f4 g5 14. Nxd7 Bxd7 15. Ba3 Bxa3 16. Nxa3 Nf6 17. Nc2 h6 18. c5 b6 19. b4 a5 20. cxb6 axb4 21. a5 c5 22. b7 Ra7 23. dxc5 Qxc5 24. a6 Bb5 25. Qd4 Nd7 26. Nxb4 Qxd4 27. exd4 Nb8 28. Rfe1 Kf7 29. Bf1 Bxf1 30. Kxf1 gxf4 31. gxf4 Rg8 32. Rec1 Nxa6 33. Nxa6 Rxb7 34. Rc7+ Rxc7 35. Nxc7 Rg4 36. Kf2 Rxf4+ 37. Ke3 Re4+ 38. Kd3 Rh4 39. Ra6 Rh3+ 40. Ke2 Rxh2+ 41. Kf3 Rh3+ 42. Kf2 Rh2+ 43. Kf3 Rh3+ 44. Kf4 Rh4+ 45. Ke5 1/2-1/2

[Event "Regionalliga NW 9798"]
[Site "Bayern"]
[Date "1997.??.??"]
[Round "?.4"]
[White "Herbst, Christoph"]
[Black "Gutzeit, Kurt"]
[Result "1/2-1/2"]
[WhiteElo "2135"]
[BlackElo "2050"]
[PlyCount "41"]
[EventDate "1997.10.??"]
[EventType "team-tourn"]
[EventRounds "9"]
[EventCountry "GER"]
[SourceTitle "EXT 2020"]
[Source "ChessBase"]
[SourceDate "2019.10.17"]
[SourceVersion "1"]
[SourceVersionDate "2019.10.17"]
[SourceQuality "1"]
[WhiteTeam "Bad Neustadt"]
[BlackTeam "Burgsinn"]
[WhiteTeamCountry "GER"]
[BlackTeamCountry "GER"]

1. e4 c5 2. c3 d5 3. exd5 Qxd5 4. d4 cxd4 5. cxd4 e5 6. Nf3 Bb4+ 7. Bd2 Bxd2+ 8. Qxd2 exd4 9. Qxd4 Nf6 10. Nc3 Qxd4 11. Nxd4 a6 12. Be2 0-0 13. 0-0 b5 14. Bf3 Ra7 15. Rfe1 Rd7 16. Nf5 Rd2 17. Ne7+ Kh8 18. Nxc8 Rxc8 19. Re2 Rxe2 20. Nxe2 g5 21. Rc1 1/2-1/2

[Event "Regionalliga NW 9697"]
[Site "Bayern"]
[Date "1997.??.??"]
[Round "?"]
[White "Herbst, Christoph"]
[Black "Schindler, Viktor"]
[Result "1/2-1/2"]
[WhiteElo "2135"]
[BlackElo "2010"]
[PlyCount "23"]
[EventDate "1996.10.??"]
[EventType "team-tourn"]
[EventRounds "9"]
[EventCountry "GER"]
[SourceTitle "EXT 1999"]
[Source "ChessBase"]
[SourceDate "1998.11.16"]
[SourceVersion "1"]
[SourceVersionDate "1998.11.16"]
[SourceQuality "1"]
[WhiteTeam "Bad Neustadt"]
[BlackTeam "Hof SK II"]
[WhiteTeamCountry "GER"]
[BlackTeamCountry "GER"]

1. e4 d6 2. d4 Nf6 3. Bd3 e5 4. c3 Nc6 5. Ne2 d5 6. exd5 Qxd5 7. 0-0 Be7 8. c4 Qd8 9. d5 Nb4 10. Nbc3 Nxd3 11. Qxd3 0-0 12. Ng3 1/2-1/2

[Event "Regionalliga NW 9596"]
[Site "Bayern"]
[Date "1996.??.??"]
[Round "?"]
[White "Becker, Alexander1"]
[Black "Herbst, Christoph"]
[Result "0-1"]
[WhiteElo "1860"]
[BlackElo "2120"]
[PlyCount "84"]
[EventDate "1995.10.??"]
[EventType "team-tourn"]
[EventRounds "9"]
[EventCountry "GER"]
[SourceTitle "EXT 1999"]
[Source "ChessBase"]
[SourceDate "1998.11.16"]
[SourceVersion "1"]
[SourceVersionDate "1998.11.16"]
[SourceQuality "1"]
[WhiteTeam "Kronach"]
[BlackTeam "Bad Neustadt"]
[WhiteTeamCountry "GER"]
[BlackTeamCountry "GER"]

1. d4 c5 2. e3 d5 3. c3 e6 4. Nf3 Nc6 5. Nbd2 a6 6. dxc5 Bxc5 7. b4 Be7 8. a3 Bf6 9. Bb2 Nge7 10. Be2 0-0 11. Qb3 b5 12. a4 bxa4 13. Rxa4 Qb6 14. 0-0 Nf5 15. Nd4 Bxd4 16. exd4 Nd6 17. Rfa1 Bb7 18. Qc2 Rfc8 19. Qd3 Na7 20. Nb3 Nc4 21. Bc1 Nb5 22. Nc5 Ra7 23. Qh3 Ncd6 24. Bd3 f5 25. Bxb5 Qxb5 26. Qe3 Ne4 27. f3 Nxc5 28. dxc5 Qc6 29. Qd4 e5 30. Qxe5 Re8 31. Qd4 Re1+ 32. Kf2 Rxc1 33. Rxc1 Qxa4 34. Re1 Ra8 35. Re7 Qc2+ 36. Kg3 f4+ 37. Kxf4 Rf8+ 38. Ke3 Qxg2 39. f4 Bc6 40. Qe5 Qg1+ 41. Kd2 Qxh2+ 42. Kc1 Qxf4+ 0-1